Experimental procedures in elementary qualitative analysis

Enregistré dans:
Détails bibliographiques
Auteur principal: Gilreath, Esmarch S (Auteur)
Format: Livre
Langue:anglais
Publié: Nueva York McGraw-Hill 1968
Sujets:
Tags: Ajouter un tag
Pas de tags, Soyez le premier à ajouter un tag!

MARC

LEADER 00000nam a2200000 a 4500
001 UCZ2320
003 CL-VaPUC
008 950928e19680000US |||||||||||||||||eng|d
082 0 4 |a 544  |b GIL  |2 21 
100 |a Gilreath, Esmarch S  |e author  |9 370403 
245 1 0 |a Experimental procedures in elementary qualitative analysis 
300 |a 115 p 
942 |c BK 
945 |d 19950928 00:00:00  |a awong 
260 |a Nueva York  |b McGraw-Hill  |c 1968 
650 0 |a Análisis cualitativo   |9 346076 
650 0 |a Química analítica  |9 259648 
583 |a last modification  |c 19950928 00:00:00  |k Rodrigo Vera 
999 |c 238946  |d 238944 
952 |0 0  |1 0  |2 ddc  |4 0  |6 544_000000000000000_GIL_1968  |7 0  |8 A  |9 249590  |a BIBCUR  |b BIBCUR  |c PAC  |d 2019-11-18  |i 2009544  |o 544 GIL 1968  |p 2009544  |r 2025-04-22  |w 2019-11-18  |y BK  |k BCB 
952 |0 0  |1 0  |4 0  |6 544_000000000000000_GIL_1968  |7 0  |8 A  |9 249591  |a BIBCUR  |b BIBCUR  |d 2019-11-18  |i 3137171  |o 544 GIL 1968  |p 3137171  |r 2025-04-22  |w 2019-11-18  |y BK  |k BCB